000 02243cam a22002533a 4500
001 18734
003 PGUSA
005 20140828083410.0
008 060701s2006||||xxu|||||s|||||000 | eng d
040 _aPGUSA
_beng
042 _adc
050 4 _aPN
245 1 4 _aThe Wit and Humor of America, Volume III. (of X.)
_h[electronic resource]
260 _bProject Gutenberg,
_c2006
505 0 _aAn Arkansas Planter, by Read -- The Auto Rubaiyat, by Kauffman -- A Ballade of the "How To" Books, by Davies -- The Bohemians of Boston, by Burgess -- The Courtin', by Lowell -- The Crimson Cord, by Butler -- The Diamond Wedding, by Stedman -- Dislikes, by Holmes -- A Dos't o' Blues, by Riley -- The Dying Gag, by Ford -- Elizabeth Eliza Writes a Paper, by Hale -- Garden Ethics, by Warner -- The Genial Idiot Suggests a Comic Opera, by Bangs -- Hans Breitmann's Party, by Leland -- The Hired Hand and "Ha'nts," by Laughlin -- In Elizabeth's Day, by Rice -- In Philistia, by Carman -- A Letter from Home, by Irwin -- The Little Mock-Man, by Riley -- Little Orphant Annie, by Riley -- Mammy's Lullaby, by Gillilan -- Maxioms, by Wells -- Morris and the Honorable Tim, by Kelly -- Mr. Stiver's Horse, by Bailey -- My First Visit to Portland, by Downing -- My Sweetheart, by Peck -- The New Version, by Lampton -- Our New Neighbors at Ponkapog, by Aldrich -- The Plaint of Jonah, by Burdette -- The Retort, by Morris -- The Rhyme of the Chivalrous Shark, by Irwin -- Rollo Learning to Read, by Burdette -- Selecting the Faculty, by Hall -- Southern Sketches, by Arp -- The Tower of London, by Ward -- A Traveled Donkey, by Taylor -- The Tree-Toad, by Riley -- The Two Automobilists, by Wells -- The Two Business Men, by Wells -- The Two Housewives, by Wells -- The Two Ladies, by Wells -- The Two Young Men, by Wells -- Uncle Simon and Uncle Jim, by Ward -- Wamsley's Automatic Pastor, by Crane -- Wild Animals I Have Met, by Wells.
506 _aPublic domain in the USA.
516 _aElectronic text
653 _aAmerican literature -- Humor
653 _aAmerican wit and humor
700 1 _aWilder, Marshall Pinckney,
_d1859-1915
830 0 _aProject Gutenberg
_v18734
856 4 0 _uhttp://www.gutenberg.org/ebooks/18734
942 _cEB
999 _c247989
_d247989